| 000 | 01482 a2200301 4500 | ||
|---|---|---|---|
| 003 | Nust | ||
| 005 | 20221128133551.0 | ||
| 010 | _a 98041717 | ||
| 020 | _a0780334965 | ||
| 040 | _cNust | ||
| 082 | 0 | 0 | _a621.3815,ELE |
| 245 | 0 | 0 |
_aElectronic and photonic circuits and devices / _cedited by Ronald W. Waynant, John K. Lowell. |
| 260 |
_aNew York : _bInstitute of Electrical and Electronics Engineers, _cc1999. |
||
| 300 |
_aix, 217 p. : _bill. ; _c28 cm. |
||
| 440 | 0 |
_aIEEE Press series on microelectronic systems _999208 |
|
| 505 | _aIntegrated Circuit Technology (Page-11), Integrated Circuit Manufacturing and Novel Circuit Design (Page-47), Optical Technology (Page-91), Optoelectronic Integrated Circuit Device Technology (Page-133), Optical Fiber (Page-165), Optical Communication and Switching (Page-187). | ||
| 650 | 0 | _aElectronic circuits. | |
| 650 | 0 |
_aOptoelectronic devices. _941550 |
|
| 650 | 0 | _aTelecommunication engineering | |
| 700 | 1 |
_aLowell, John. _9103688 |
|
| 700 | 1 |
_aWaynant, Ronald W. _9103689 |
|
| 710 | 2 |
_aComponents, Packaging & Manufacturing Technology Society. _9103690 |
|
| 710 | 2 |
_aIEEE Circuits and Systems Society. _9103691 |
|
| 856 | 4 | 2 |
_3Contributor biographical information _uhttp://www.loc.gov/catdir/bios/wiley046/98041717.html |
| 856 | 4 | 2 |
_3Publisher description _uhttp://www.loc.gov/catdir/description/wiley0310/98041717.html |
| 856 | 4 | 2 |
_3Table of Contents _uhttp://www.loc.gov/catdir/toc/onix07/98041717.html |
| 942 |
_2ddc _cBK |
||
| 999 |
_c182099 _d182099 |
||